000 00859nam a22002655a 4500
008 161122t2015 xxu||||fr|||| 001 0 eng d
020 _a9780415657044
040 _aEG-ScBUE
_beng
_cEG-ScBUE
082 0 4 _222
_a343.41078624
_bHUG
100 1 _aHughes, Will
_912258
245 1 0 _aConstruction contracts :
_bLaw and management /
_cWill Hughes
250 _a5th ed.
260 _aNew York :
_bRoutledge,
_c2015.
300 _axxviii, 435 p. ;
_c24 cm.
500 _aIndex : p. 423-435.
504 _aBibliography : p. 415-422.
590 _aSuzan Ashmawy
650 7 _2BUEsh
_aConstruction contracts
_zGreat Britain
_zEngland.
650 7 _aConstruction industry
_xLaw and legislation.
_923176
651 _2BUEsh
653 _bENGCHE
_cNovember2016
700 1 _aChampion, Ronan,
_eauthor.
700 1 _a Murdoch, J. R.
_eauthor.
_912256
942 _2ddc
999 _c23265
_d23237